| 000 | 01275nam a22002657a 4500 | ||
|---|---|---|---|
| 003 | MN-UlNLM | ||
| 005 | 20260228175947.0 | ||
| 008 | 260228s2024 mp ||||| |||| 00| 0 mon d | ||
| 020 | _a9789919039059 | ||
| 040 |
_aӨмнөговь аймгийн Нийтийн номын сан _cMN-UlNLM _dMN-UlNLM _erda |
||
| 043 | _aa-mp--- | ||
| 084 |
_2NNA _a83.3(5Мон) _bЧ11 _q82 |
||
| 100 | 0 |
_aЧүлтэсүрэн, Р. _cХэл бичгийн ухааны доктор (Ph.D), профессор _eЗохиогч _qРинчингийн |
|
| 245 | 1 |
_aӨөрийгөө билүүдэхийн учир _bД.Намдаг зохиолчийн намтар уран бүтээл _cРедактор: З.Лонжид _cЭх бэлтгэгч: Б.Баярбаатар |
|
| 264 |
_aУлаанбаатар хот _bЖиком пресс ХХК _c2024 |
||
| 300 |
_a351 хуудастай _bФото зурагтай _c245 см |
||
| 336 |
_2rdaconnect _atext _btxt |
||
| 337 |
_2rdamedia _aunmediated _bn |
||
| 338 |
_2rdacarrier _avolume _bnc |
||
| 500 | _aБарим, дурсамж, судалгаа, тэмдэглэл | ||
| 504 | _aНомзүйтэй (501-520 хуудас) | ||
| 546 | _bМонгол цагаан толгой | ||
| 880 | _6245-01(N | ||
| 942 |
_2NNA _cBK |
||
| 999 |
_c1156055 _d1156112 |
||